Introducció a la psicoanàlisi : lliçons de 1915-16 i 1916-17, seguit de noves lliçons, de 1932 / Sigmund Freud ; traducció d'Àngels Planella ; edició a cura de Josep Oriol Esteve ; pròleg de Pere Folch Mateu lliçons de 1915-16 i 1916-17, seguit de noves lliçons, de 1932 / Sigmund Freud ; traducció d'Àngels Planella ; edició a cura de Josep Oriol Esteve ; pròleg de Pere Folch Mateu
Descripción Física:
2 v. ; 20 cm
Colección:
Clàssics del pensament modern ; 32
Materias:
Psicoanàlisi
MARC
| LEADER | 00000nam a2200000Ia 4500 | ||
|---|---|---|---|
| 001 | 2196, 2340 | ||
| 008 | 160829s1986 xx 000 0 cat d | ||
| 080 | |a F-1-55, F-1-56 | ||
| 100 | |a Freud, Sigmund |9 27623 | ||
| 245 | |a Introducció a la psicoanàlisi : |b lliçons de 1915-16 i 1916-17, seguit de noves lliçons, de 1932 / Sigmund Freud ; traducció d'Àngels Planella ; edició a cura de Josep Oriol Esteve ; pròleg de Pere Folch Mateu | ||
| 260 | |a Barcelona : |b Edicions 62 : |b Diputació de Barcelona, |c 1986 | ||
| 300 | |a 2 v. ; |c 20 cm | ||
| 490 | |a Clàssics del pensament modern ; 32 | ||
| 650 | |a Psicoanàlisi |9 22462 | ||
| 700 | |a Planella, Àngels, tr. |9 27624 | ||
| 700 | 1 | |a Esteve, Josep Oriol |9 27625 | |
| 700 | 1 | |a Folch Mateu, Pere |9 27626 | |
| 710 | 1 | |a Barcelona (Catalunya : Província). |b Diputació |9 52408 | |
| 901 | |a Arxiu | ||
| 942 | |n 1 | ||
| 952 | |0 0 |1 0 |4 0 |6 F155_F156 |7 1 |9 44478 |a Arxiu |b Arxiu |d 2016-12-01 |l 0 |o F-1-55, F-1-56 |p 2196, 2340 |r 2016-12-01 00:00:00 |w 2016-12-01 |y ARXIU | ||
| 999 | |c 47059 |d 47059 | ||